Southville International School and Colleges
Your cart is empty.
  • Cart
  • Lists
    Public lists Eva Luna New books Lux_list list_1
    Your lists Log in to create your own lists
  • Log in to your account
  • Your cookies
  • Search history
Southville International School and Colleges
  • Advanced search
  • Recent comments
  • Most popular
  • Libraries

Log in to your account

Log in with GOOGLE


If you do not have an external account, but do have a local account, you can still log in:

  1. Home
  2. MARC view: General, organic, and biological chemistry :
Normal view MARC view ISBD view

General, organic, and biological chemistry : (Record no. 283641)

[ view plain ]
MARC details
000 -LEADER
fixed length control field 01365cam a2200289 i 4500
001 - CONTROL NUMBER
control field STB034451
003 - CONTROL NUMBER IDENTIFIER
control field PILC
005 - DATE AND TIME OF LATEST TRANSACTION
control field 20150227151618.0
008 - FIXED-LENGTH DATA ELEMENTS--GENERAL INFORMATION
fixed length control field 121102s2014 maua 001 0 eng
010 ## - LIBRARY OF CONGRESS CONTROL NUMBER
LC control number 2012033563
020 ## - INTERNATIONAL STANDARD BOOK NUMBER
International Standard Book Number 9780321866257
040 ## - CATALOGING SOURCE
Original cataloging agency DLC
Language of cataloging eng
Transcribing agency DLC
Description conventions rda
Modifying agency DLC
042 ## - AUTHENTICATION CODE
Authentication code pcc
050 00 - LIBRARY OF CONGRESS CALL NUMBER
Classification number QD 251.3
Item number .F929 2014
100 1# - MAIN ENTRY--PERSONAL NAME
Personal name Frost, Laura D.
245 10 - TITLE STATEMENT
Title General, organic, and biological chemistry :
Remainder of title concise, practical, integrated /
Statement of responsibility, etc Laura Frost and Todd Deal ; with contributions by Karen C. Timberlake.
250 ## - EDITION STATEMENT
Edition statement 2nd ed.
260 ## - PUBLICATION, DISTRIBUTION, ETC. (IMPRINT)
Place of publication, distribution, etc Boston :
Name of publisher, distributor, etc Pearson,
Date of publication, distribution, etc [2014]
300 ## - PHYSICAL DESCRIPTION
Extent xviii, 523 pages :
Other physical details illustrations (chiefly color) ;
Dimensions 29 cm.
500 ## - GENERAL NOTE
General note Includes index.
505 0# - FORMATTED CONTENTS NOTE
Formatted contents note Chemistry basics : matter and measurement -- Atoms and radioactivity -- Compounds : putting particles together -- Introduction to organic compounds -- Chemical reactions -- Carbohydrates : life's sweet molecules -- What's the attraction? state changes, solubility, and lipids -- Solution chemistry : how sweet is your tea? -- Acids, bases, and buffers in the body -- Proteins : workers of the cell -- Nucleic acids : big molecules with a big role -- Food as fuel : a metabolic overview.
650 #0 - SUBJECT ADDED ENTRY--TOPICAL TERM
Topical term or geographic name as entry element Chemistry
Form subdivision Textbooks.
700 1# - ADDED ENTRY--PERSONAL NAME
Personal name Deal, Todd S.
700 1# - ADDED ENTRY--PERSONAL NAME
Personal name Timberlake, Karen C.
740 ## - ADDED ENTRY--UNCONTROLLED RELATED/ANALYTICAL TITLE
Uncontrolled related/analytical title Chemistry.
942 ## - ADDED ENTRY ELEMENTS (KOHA)
Source of classification or shelving scheme Library of Congress Classification
Koha item type Books
Holdings
Withdrawn status Lost status Source of classification or shelving scheme Damaged status Home library Current library Shelving location Date acquired Source of acquisition Sub Shelving location Total Checkouts Full call number Barcode Date last seen Date checked out Price effective from Koha item type
    Library of Congress Classification   College Library College Library Reserve Section 02/27/2015 Library Fund   1 QD 251.3 .F929 2014 C19141 05/15/2018 08/17/2015 02/27/2015 Books

General, organic, and biological chemistry :

APA

Frost L. D., Deal T. S. & Timberlake K. C. (2014). General, organic, and biological chemistry. Boston: Pearson.

Chicago

Frost Laura D, Deal Todd S and Timberlake Karen C. 2014. General, organic, and biological chemistry. Boston: Pearson.

Harvard

Frost L. D., Deal T. S. and Timberlake K. C. (2014). General, organic, and biological chemistry. Boston: Pearson.

MLA

Frost Laura D, Deal Todd S and Timberlake Karen C. General, organic, and biological chemistry. Boston: Pearson. 2014.

  • Place hold
  • Print
  • Cite
  • Add to your cart (remove)
  • Save record
    BIBTEX Dublin Core MARCXML MARC (non-Unicode/MARC-8) MARC (Unicode/UTF-8) MARC (Unicode/UTF-8, Standard) MODS (XML) RIS
  • More searches
    Search for this title in:
    Other Libraries (WorldCat) Other Databases (Google Scholar) Online Stores (Bookfinder.com) Open Library (openlibrary.org)

Exporting to Dublin Core...

SOUTHVILLE LIBRARY

Southville International School and Colleges Library

1281 Tropical Ave. Cor. Luxembourg St., BF Homes International, Las Pinas City

Tel. No. 8256374 / 252358 Loc. 117/146

Powered by Koha